<?xml version="1.0" encoding="UTF-8"?>
<record
    xmlns:xsi="http://www.w3.org/2001/XMLSchema-instance"
    xsi:schemaLocation="http://www.loc.gov/MARC21/slim http://www.loc.gov/standards/marcxml/schema/MARC21slim.xsd"
    xmlns="http://www.loc.gov/MARC21/slim">

  <leader>00813cam a22002051  4500</leader>
  <controlfield tag="001">e  14001336 </controlfield>
  <controlfield tag="003">DLC</controlfield>
  <controlfield tag="005">20260227111202.0</controlfield>
  <controlfield tag="008">800320s1878    nju           000 0beng  </controlfield>
  <datafield tag="010" ind1=" " ind2=" ">
    <subfield code="a">e  14001336 </subfield>
  </datafield>
  <datafield tag="035" ind1=" " ind2=" ">
    <subfield code="a">(OCoLC)6108331</subfield>
  </datafield>
  <datafield tag="040" ind1=" " ind2=" ">
    <subfield code="a">DLC</subfield>
    <subfield code="c">UU</subfield>
    <subfield code="d">DLC</subfield>
  </datafield>
  <datafield tag="042" ind1=" " ind2=" ">
    <subfield code="a">premarc</subfield>
  </datafield>
  <datafield tag="050" ind1="0" ind2="0">
    <subfield code="a">BV4070.P759</subfield>
    <subfield code="b">H7</subfield>
  </datafield>
  <datafield tag="100" ind1="1" ind2=" ">
    <subfield code="a">Atwater, Lyman Hotchkiss,</subfield>
    <subfield code="d">1813-1883.</subfield>
  </datafield>
  <datafield tag="245" ind1="1" ind2="2">
    <subfield code="a">A discourse commemorative of the late Dr. Charles Hodge.</subfield>
    <subfield code="b">Delivered in the chapel of the College of New Jersey by request of the president, October 13th, and repeated in the First Presbyterian Church, Princeton, at the request of its session, October 20th, 1878,</subfield>
    <subfield code="c">by Lyman H. Atwater.</subfield>
  </datafield>
  <datafield tag="260" ind1=" " ind2=" ">
    <subfield code="a">Princeton,</subfield>
    <subfield code="b">C. S. Robinson, printer,</subfield>
    <subfield code="c">1878.</subfield>
  </datafield>
  <datafield tag="300" ind1=" " ind2=" ">
    <subfield code="a">24 p.</subfield>
    <subfield code="c">22 cm.</subfield>
  </datafield>
  <datafield tag="600" ind1="1" ind2="0">
    <subfield code="a">Hodge, Charles, d 1797-1878.</subfield>
  </datafield>
  <datafield tag="999" ind1=" " ind2=" ">
    <subfield code="c">19692</subfield>
    <subfield code="d">19692</subfield>
  </datafield>
</record>
